| 000 | 01008nam a2200277 a 4500 | ||
|---|---|---|---|
| 001 | 721 | ||
| 003 | BR-CuiBMT | ||
| 005 | 20231130002947.0 | ||
| 008 | 231113s2016 dfba 000 0 por d | ||
| 020 | _a9788588652958 v. 1 | ||
| 020 | _a9788588652941 v. 2 | ||
| 040 |
_aBR-CuiBMT _cBR-CuiBMT |
||
| 080 |
_a347.91/.95 _22007 |
||
| 090 |
_a347.91/.95 _bR332 |
||
| 245 | 0 | 0 |
_aReflexões sobre o novo código de processo civil / _cGeisa de Assis Rodrigues , Robério Nunes dos Anjos Filho, organizadores ; [autores Guilherme Calmon Nogueira da Gama ... et al.]. |
| 260 |
_aBrasília : _bESMPU, _c2016. |
||
| 300 |
_a2 v. ; _c23 cm |
||
| 504 | _aInclui bibliografia. | ||
| 650 |
_aProcesso civil _zBrasil |
||
| 650 |
_aCódigo de processo civil _zBrasil |
||
| 700 | 1 |
_aAnjos Filho, Robério Nunes dos _4org. |
|
| 700 | 1 |
_aRodrigues, Geisa de Assis, _d1968- _4org. |
|
| 700 | 1 |
_aGavronski, Alexandre Amaral _det al _4autores |
|
| 700 | 1 |
_aGama, Guilherme Calmon Nogueira da _4et al. _4autores |
|
| 942 |
_2udc _cLV |
||
| 999 |
_c721 _d721 |
||